[Event "AUTO-OPEN-954"]
[Site "http://www.queenalice.com/game.php?id=329238"]
[Date "2008.1.1"]
[Round "1"]
[White "luongo_00001"]
[Black "sapo"]
[Result "0-1"]
[WhiteElo "1317"]
[BlackElo "1500"]

1. Nf3 d5 2. d4 Nf6 3. e3 Bf5 4. Bd3 Qd7 5. Nbd2 Bxd3 6. cxd3 Nc6 7. O-O e6 8.
Re1 Bd6 9. e4 O-O 10. b3 Nb4 11. Ne5 Bxe5 12. dxe5 Ne8 13. Nf3 c5 14. d4 Rc8 15.
dxc5 Rxc5 16. Ba3 a5 17. Rc1 Rxc1 18. Qxc1 Qb5 19. Nd4 Qb6 20. Nf3 Nd3 21. Qd1
Nxe1 22. Qxe1 Nc7 23. Bxf8 Kxf8 24. Qc3 g6 25. h4 dxe4 26. Nd2 Nd5 27. Qc8+ Kg7
28. Nxe4 Qd4 29. Nf6 Nxf6 30. exf6+ Qxf6 31. g3 Qa1+ 32. Kg2 Qxa2 33. Qxb7 h5
34. b4 axb4 35. Qxb4 Qd5+ 36. Kh3 Qh1# 0-1

[Event "AUTO-OPEN-954"]
[Site "http://www.queenalice.com/game.php?id=329266"]
[Date "2008.1.1"]
[Round "1"]
[White "yanpom"]
[Black "sapo"]
[Result "0-1"]
[WhiteElo "1835"]
[BlackElo "1694"]

1. e4 e5 2. Nf3 Nc6 3. Bc4 Bc5 4. O-O h6 5. Nc3 Nf6 6. d3 O-O 7. Be3 Bxe3 8.
fxe3 Ng4 9. Qe2 Na5 10. d4 Nxe3 11. Bxf7+ Rxf7 12. Qxe3 Nc4 13. Qc1 d6 14. h3
exd4 15. Nxd4 Qf8 16. b3 Rxf1+ 17. Qxf1 Ne5 18. Qxf8+ Kxf8 19. Rf1+ Nf7 20. Nd5
c6 21. Nf4 Bd7 22. Ng6+ Kg8 23. Ne7+ Kf8 24. Ng6+ Ke8 25. Nf5 Bxf5 26. Rxf5 Rd8
27. Nf4 Ng5 28. e5 Ke7 29. exd6+ Kxd6 30. Nd3 Rd7 31. Rf4 Kc7 32. Rb4 Ne6 33. a4
Rd4 34. Rxd4 Nxd4 35. Ne1 Kd6 36. Kf2 b5 37. axb5 cxb5 38. Ke3 Ke5 39. Nf3+ Nxf3
40. gxf3 g5 41. c3 a5 0-1

[Event "AUTO-OPEN-954"]
[Site "http://www.queenalice.com/game.php?id=329267"]
[Date "2008.1.1"]
[Round "1"]
[White "sapo"]
[Black "yanpom"]
[Result "1-0"]
[WhiteElo "1609"]
[BlackElo "1634"]

1. e4 e5 2. Nc3 Bc5 3. Nf3 Nc6 4. b3 Nf6 5. h3 O-O 6. d3 h6 7. Nd5 d6 8. Bb2
Nxd5 9. exd5 Ne7 10. d4 Bb6 11. dxe5 dxe5 12. Bxe5 Qxd5 13. Bd3 Qxe5+ 14. Nxe5
1-0

[Event "AUTO-OPEN-954"]
[Site "http://www.queenalice.com/game.php?id=329286"]
[Date "2008.1.1"]
[Round "1"]
[White "sapo"]
[Black "zoneblitz"]
[Result "0-1"]
[WhiteElo "1717"]
[BlackElo "1829"]

1. e4 c5 2. Nc3 Nc6 3. b3 e6 4. d3 d5 5. exd5 exd5 6. Nf3 Nf6 7. Bg5 Be7 8. d4
Ne4 9. Nxe4 dxe4 10. Bxe7 Qxe7 11. Ne5 Nxd4 12. Nc4 O-O 13. Ne3 Rd8 14. Qh5 Qf6
15. Ng4 Nxc2+ 0-1

[Event "AUTO-OPEN-954"]
[Site "http://www.queenalice.com/game.php?id=329287"]
[Date "2008.1.1"]
[Round "1"]
[White "zoneblitz"]
[Black "sapo"]
[Result "1-0"]
[WhiteElo "1844"]
[BlackElo "1689"]

1. e4 e5 2. Nf3 Nc6 3. Bb5 a6 4. Ba4 Nf6 5. O-O Nxe4 6. Re1 d5 7. Bxc6+ bxc6 8.
d3 Nc5 9. Nxe5 Be6 10. Qh5 g6 11. Qf3 f5 12. b4 Bg7 13. bxc5 Qh4 14. Nxc6 Kd7
15. d4 Kxc6 16. Rxe6+ 1-0

[Event "Challenge"]
[Site "http://www.queenalice.com/game.php?id=329414"]
[Date "2008.1.2"]
[Round "-"]
[White "carol_2007"]
[Black "sapo"]
[Result "0-1"]
[WhiteElo "1103"]
[BlackElo "1784"]

1. Nc3 e5 2. Na4 d5 3. Rb1 Nf6 4. Nc3 Nc6 5. Ra1 d4 6. Na4 b5 7. Nc3 dxc3 8.
bxc3 Bc5 9. Rb1 a6 10. Ra1 Ng4 11. Rb1 Qf6 0-1

[Event "Challenge"]
[Site "http://www.queenalice.com/game.php?id=362271"]
[Date "2008.2.28"]
[Round "-"]
[White "kasker"]
[Black "sapo"]
[Result "1-0"]
[WhiteElo "2107"]
[BlackElo "1666"]

1. e4 e5 2. Nf3 Nc6 3. Bb5 a6 4. Ba4 Nf6 5. d4 exd4 6. O-O Nxe4 7. Re1 b5 8.
Rxe4+ Be7 9. Bb3 O-O 10. Qe2 Bb7 11. Bd5 Bf6 12. c3 Re8 13. Bd2 dxc3 14. Nxc3 b4
15. Ng5 Bxg5 16. Bxg5 1-0

[Event "Challenge"]
[Site "http://www.queenalice.com/game.php?id=363240"]
[Date "2008.2.29"]
[Round "-"]
[White "caraumar"]
[Black "sapo"]
[Result "1-0"]
[WhiteElo "1699"]
[BlackElo "1659"]

1. d4 d5 2. e3 Nc6 3. a3 Nf6 4. h3 a6 5. Nf3 Ne4 6. Ne5 Nxe5 7. dxe5 c6 8. b4
Bf5 9. g4 Bg6 10. Bb2 e6 11. Bd4 Qh4 12. Qf3 h5 13. c4 Be7 14. Bd3 Ng5 15. Qe2
Bxd3 16. Qxd3 hxg4 17. Nd2 Nxh3 18. Qf1 g3 19. O-O-O O-O-O 20. Rxh3 Qxh3 21.
Qxh3 Rxh3 22. fxg3 Rxg3 23. Bb6 1-0

[Event "sapo/tech 1"]
[Site "http://www.queenalice.com/game.php?id=372951"]
[Date "2008.3.18"]
[Round "-"]
[White "sapo"]
[Black "technicaldraw"]
[Result "0-1"]
[WhiteElo "1666"]
[BlackElo "1969"]

1. e4 e6 2. d4 d5 3. e5 c5 4. Nf3 Nc6 5. Bb5 Qb6 6. Nc3 cxd4 7. Nxd4 Bb4 8. Bd2
Qxd4 9. O-O Ne7 10. Qe2 Bxc3 11. Bxc3 Qb6 12. Ba4 Bd7 13. Rad1 Ng6 0-1